00524nam a22001817a 450000500170000001000150001702000260003203500140005803700090007208200170008110000170009824501110011526000350022627000510026130000210031270000030033370000060033620250822124821.0 aENG-146460 a9789391916961c695.00 aEN-129992 bDBAD a338.90091724 aKumar, Rahul aSoical Justice and Economics of Resettlement and Rehabilitation:cRahul KumarbThe case study of Pong Dam/ aDelhi bSwaraj Prakashanc2022 a4648/1, Ansari Road, Darya GanjbDelhie110002 a198 p.c22cm(hb)  a